Chicken soup for the pre-teen soul 2 / (Record no. 112483)
[ view plain ]
| 000 -LEADER | |
|---|---|
| fixed length control field | 00633nam a2200193 a 4500 |
| 001 - CONTROL NUMBER | |
| control field | 3012 |
| 005 - DATE AND TIME OF LATEST TRANSACTION | |
| control field | 20140414131937.0 |
| 008 - FIXED-LENGTH DATA ELEMENTS--GENERAL INFORMATION | |
| fixed length control field | 060119s19uu xx 00 eng d |
| 020 ## - INTERNATIONAL STANDARD BOOK NUMBER | |
| International Standard Book Number | 0-439-69025-0 |
| 050 ## - LIBRARY OF CONGRESS CALL NUMBER | |
| Classification number | M 158.1 |
| Item number | C16 2004 |
| 100 ## - MAIN ENTRY--PERSONAL NAME | |
| Personal name | Canfield, Jack |
| 245 ## - TITLE STATEMENT | |
| Title | Chicken soup for the pre-teen soul 2 / |
| Statement of responsibility, etc | Jack Canfield, Mark Victor Hansen, Patty Hansen, Irene Dunlap. |
| 260 ## - PUBLICATION, DISTRIBUTION, ETC. (IMPRINT) | |
| Place of publication, distribution, etc | New York : |
| Name of publisher, distributor, etc | Scholastic, |
| Date of publication, distribution, etc | 2004. |
| 300 ## - PHYSICAL DESCRIPTION | |
| Extent | 404 p. ; cm. |
| 520 ## - SUMMARY, ETC. | |
| Summary, etc | Stories abour facing challenges, realizing dreams and making difference. |
| 650 ## - SUBJECT ADDED ENTRY--TOPICAL TERM | |
| Topical term or geographic name as entry element | Collection of short stories. |
| 650 ## - SUBJECT ADDED ENTRY--TOPICAL TERM | |
| Topical term or geographic name as entry element | Inspirational. |
| Withdrawn status | Lost status | Damaged status | Use restrictions | Home library | Current library | Shelving location | Date acquired | Source of acquisition | Cost, normal purchase price | Total Checkouts | Full call number | Barcode | Date last seen | Price effective from | Koha item type |
|---|---|---|---|---|---|---|---|---|---|---|---|---|---|---|---|
| Munich Library | Munich Library | Main Section | 01/24/2011 | 375.00 | M 158.1 C16 2004 | M3790 | 04/14/2014 | 04/14/2014 | Books |